000 00259nam a22001217a 4500
020 _a81-7862-574-1
082 _a001
_bSTE/P
245 _aPROTECTING OUR FORESTS
260 _aNEW DELHI
_bSTERLING PRESS
300 _a31
650 _aGK
_zNEW DELHI
942 _cBK
999 _c6664
_d6664